00733nam a2200181Ia 4500003000900000008004100009020001800050040001600068080002000084111010600104245017500210260005000385490003900435650001700474650001600491650001800507700002600525IN-BaIIA211028s9999 xx 000 0 eng d a0-7354-0014-8 cIIA Library a523(082.2)bAST aConference on Astrophysical Sources for Ground Based Gravitational Wave DetectorscPhiladelphiad2000 0aAstrophysical sources for ground based gravitational wave detectorsbproceedings of conference held in Philadelphia, 30 October-1 November 2000cedited by J. M. Centrella aNew YorkbAmerican Institute of Physicsc2001 aAIP conference proceedings; v. 575 aAstrophysics aGravitation aWave detector aCentrella, J. M., ed.